State Quiz - Connecticut - Statistics

General Stats
  • This quiz has been taken 25,833 times
    22,569 since last reset
  • The average score is 13 of 20
Answer Stats
Hint Answer % Correct
States which border Connecticut New York
95%
States which border Connecticut Massachusetts
94%
States which border Connecticut Rhode Island
93%
Ivy League university Yale
92%
Capital of Connecticut Hartford
91%
Region of the U.S. consisting of Connecticut and five other states New England
91%
President born in Connecticut in 1946 George W. Bush
80%
TV show about a mother and daughter named Lorelai and Rory {Gilmore} Girls
76%
City in which the above is located New Haven
74%
Type of gun patented by Samuel Colt in 1835 Revolver
62%
Novel written by Harriet Beecher Stowe credited with sparking anti-slavery sentiment Uncle Tom's Cabin
62%
Tree in which Connecticut's royal charter was hidden in 1662 The Charter {Oak}
61%
Dictionary maven born in Connecticut in 1758 Noah Webster
60%
Most populous city Bridgeport
55%
Oceanic sound that Connecticut borders {Long} {Island} Sound
52%
Movie about suburban housewives who were replaced by robots The {Stepford} Wives
49%
State nickname The {Constitution} State
44%
Author of "A Connecticut Yankee in King Arthur's Court" Mark Twain
41%
Senator who was Al Gore's running mate in 2000 Joe Lieberman
35%
Town famous for its hedge fund industry Greenwich
33%
No matching quizzes found
Score Distribution
Percent of People with Each Score
Percentile by Number Answered
Your Score History
You have not taken this quiz since the last reset